[Event "Titled Tuesday intern op 16th Apr Early"]
[Site "Chess.com INT"]
[Date "2024.04.16"]
[Round "11"]
[White "Buscar, Michael"]
[Black "Bilan, Danila"]
[Result "0-1"]
[WhiteElo "2041"]
[BlackElo "2303"]
[PlyCount "174"]
[EventDate "2024.04.16"]
[EventType "swiss (blitz)"]
[EventRounds "11"]
[EventCountry "USA"]
[SourceTitle "CB17_2024"]
[SourceDate "2024.04.24"]
[SourceVersion "1"]
[SourceVersionDate "2024.04.24"]
[SourceQuality "1"]

1. d4 d5 2. c4 c6 3. Nf3 Nf6 4. g3 Bf5 5. Bg2 e6 6. 0-0 h6 7. b3 Nbd7 8. Bb2 Bd6 9. Nbd2 0-0 10. Ne5 Qe7 11. Nxd7 Qxd7 12. Re1 Rfd8 13. e4 dxe4 14. Nxe4 Nxe4 15. Bxe4 Bxe4 16. Rxe4 Be7 17. Qe2 Bf6 18. Rd1 Qc7 19. Re3 Rd7 20. Red3 Rad8 21. Bc3 b5 22. Qb2 bxc4 23. bxc4 Qb7 24. Qa3 e5 25. Ba5 Re8 26. dxe5 Rxd3 27. Qxd3 Rxe5 28. Bc3 Re6 29. Bxf6 Rxf6 30. Qd8+ Kh7 31. Qd3+ g6 32. Qd7 Qb2 33. Qd4 Qxd4 34. Rxd4 c5 35. Rd7 Ra6 36. Rxf7+ Kg8 37. Rc7 Rxa2 38. Rxc5 Kg7 39. Rb5 h5 40. c5 Rc2 41. Rb7+ Kh6 42. Rxa7 Rxc5 43. h4 Rc2 44. Kg2 Rb2 45. Re7 Rc2 46. Kf3 Rc3+ 47. Re3 Rc4 48. Ra3 Rb4 49. Ke3 Rc4 50. Ra2 Rb4 51. Kd3 Rg4 52. Ke3 Rb4 53. Kf3 Rc4 54. Ra3 Rb4 55. Re3 Rc4 56. Re8 Rb4 57. Rh8+ Kg7 58. Re8 Kh6 59. Re4 Rb3+ 60. Kf4 Rb5 61. f3 Rb1 62. Ra4 Rb7 63. g4 Rf7+ 64. Kg3 hxg4 65. fxg4 Kg7 66. Ra6 Rc7 67. Re6 Rb7 68. Kf4 Rf7+ 69. Kg5 Kh7 70. Rxg6 Rb7 71. h5 Rb4 72. Kh4 Rb1 73. Ra6 Rb7 74. Rf6 Rd7 75. Kg5 Rg7+ 76. Kf5 Rb7 77. Re6 Rf7+ 78. Ke5 Rg7 79. Kf4 Rf7+ 80. Kg5 Rg7+ 81. Kh4 Rb7 82. g5 Rb4+ 83. Kg3 Kg7 84. Re7+ Kf8 85. Re4 Rxe4 86. Kf3 Ra4 87. g6 Kg7 0-1

[Event "Titled Tuesday intern op 16th Apr Early"]
[Site "Chess.com INT"]
[Date "2024.04.16"]
[Round "7"]
[White "Buscar, Michael"]
[Black "Krawczyk, Flawian"]
[Result "0-1"]
[WhiteElo "2041"]
[BlackElo "2315"]
[PlyCount "104"]
[EventDate "2024.04.16"]
[EventType "swiss (blitz)"]
[EventRounds "11"]
[EventCountry "USA"]
[SourceTitle "CB17_2024"]
[SourceDate "2024.04.24"]
[SourceVersion "1"]
[SourceVersionDate "2024.04.24"]
[SourceQuality "1"]

1. d4 Nf6 2. c4 c5 3. e3 cxd4 4. exd4 g6 5. Nf3 Bg7 6. h4 d5 7. Nc3 Bg4 8. c5 0-0 9. Be3 Nc6 10. Be2 Ne4 11. Nd2 Bxe2 12. Nxe2 e5 13. Nxe4 dxe4 14. d5 Nb4 15. d6 Nd3+ 16. Kf1 f5 17. Bg5 Qd7 18. b4 h6 19. Bd2 f4 20. Nc3 e3 21. Be1 e4 22. Nxe4 Nxe1 23. Qd5+ Kh8 24. Rxe1 Rae8 25. Ng5 Re5 26. Qc4 b5 27. Qb3 a5 28. a3 axb4 29. axb4 exf2 30. Kxf2 Rxe1 31. Kxe1 Re8+ 32. Kd2 Qg4 33. Qf3 Qf5 34. Qd3 Qg4 35. Qf3 Qf5 36. Qd3 Qe5 37. Nf3 Qb2+ 38. Qc2 Re2+ 39. Kxe2 Qxc2+ 40. Kf1 Qb1+ 41. Ne1 Qxb4 42. d7 Bf6 43. c6 Qc4+ 44. Kf2 Qxc6 45. Nf3 Qxd7 46. Re1 Qa7+ 47. Kf1 b4 48. Re8+ Kg7 49. h5 b3 50. hxg6 b2 51. Re1 Qa1 52. Nd2 Bc3 0-1

[Event "Titled Tuesday intern op 16th Apr Early"]
[Site "Chess.com INT"]
[Date "2024.04.16"]
[Round "2"]
[White "Velikanov, Alexander"]
[Black "Buscar, Michael"]
[Result "1-0"]
[WhiteElo "2387"]
[BlackElo "2041"]
[PlyCount "85"]
[EventDate "2024.04.16"]
[EventType "swiss (blitz)"]
[EventRounds "11"]
[EventCountry "USA"]
[SourceTitle "CB17_2024"]
[SourceDate "2024.04.24"]
[SourceVersion "1"]
[SourceVersionDate "2024.04.24"]
[SourceQuality "1"]

1. e4 e5 2. Nf3 Nf6 3. Nxe5 d6 4. Nf3 Nxe4 5. d4 d5 6. Bd3 Be7 7. 0-0 0-0 8. c4 Nf6 9. Nc3 Nc6 10. h3 Nb4 11. Be2 dxc4 12. Bxc4 Nbd5 13. Ne5 c6 14. Qf3 Be6 15. Bd2 Nc7 16. Be3 Bxc4 17. Nxc4 Nfd5 18. Ne4 Ne6 19. Rad1 Ng5 20. Bxg5 Bxg5 21. Ncd6 Rb8 22. Rfe1 Bf4 23. Nc4 Re8 24. a3 Bc7 25. Nc5 Bb6 26. Ne5 Qf6 27. Qg3 Bc7 28. Ncd7 Qd8 29. Nxb8 f6 30. Nbd7 fxe5 31. Nxe5 Qf6 32. Re4 Rf8 33. Rde1 Qh6 34. Rh4 Qd2 35. Rf1 Nf4 36. Qb3+ Kh8 37. Nf7+ Rxf7 38. Qxf7 h6 39. Qxc7 Ne2+ 40. Kh1 Qg5 41. Rg4 Qf6 42. Re1 Qxf2 43. Qxg7# 1-0

[Event "Titled Tuesday intern op 02nd Apr Early"]
[Site "Chess.com INT"]
[Date "2024.04.02"]
[Round "3"]
[White "Bongo Akanga Ndjila, Barthelemy"]
[Black "Buscar, Michael"]
[Result "1-0"]
[WhiteElo "1894"]
[BlackElo "2041"]
[PlyCount "95"]
[EventDate "2024.04.02"]
[EventType "swiss (blitz)"]
[EventRounds "11"]
[EventCountry "USA"]
[SourceTitle "CB15_2024"]
[SourceDate "2024.04.10"]
[SourceVersion "1"]
[SourceVersionDate "2024.04.10"]
[SourceQuality "1"]

1. d4 d5 2. c4 e6 3. Nc3 c5 4. cxd5 exd5 5. Nf3 Nc6 6. g3 Nf6 7. Bg2 Be7 8. 0-0 0-0 9. Bg5 c4 10. e3 Be6 11. Nd2 Qa5 12. Rc1 Nb4 13. b3 Nd3 14. Bxf6 gxf6 15. Rc2 Nb4 16. Rc1 Nd3 17. Rc2 Rac8 18. bxc4 dxc4 19. d5 Bf5 20. e4 Bg6 21. Nxc4 Rxc4 22. Qxd3 Rfc8 23. Rfc1 Qa3 24. Bf1 b5 25. Nxb5 Qxc1 26. Rxc4 Rxc4 27. Qxc4 Qxc4 28. Bxc4 Bxe4 29. Nxa7 Bc5 30. Nc6 Kf8 31. Kf1 Ke8 32. Ke2 Kd7 33. f3 Bb1 34. a4 Kc7 35. a5 Bf5 36. g4 Bd7 37. Kd3 Bd6 38. h3 h5 39. Nd4 hxg4 40. fxg4 Bb4 41. a6 Kb6 42. Nc6 Bf8 43. a7 Bxc6 44. dxc6 Kxa7 45. Bxf7 Kb6 46. Be8 Kc7 47. Ke4 Kd6 48. Kf5 1-0

[Event "Titled Tuesday intern op 02nd Apr Early"]
[Site "Chess.com INT"]
[Date "2024.04.02"]
[Round "4"]
[White "Buscar, Michael"]
[Black "Kuchava, Ana"]
[Result "0-1"]
[WhiteElo "2041"]
[BlackElo "2101"]
[PlyCount "78"]
[EventDate "2024.04.02"]
[EventType "swiss (blitz)"]
[EventRounds "11"]
[EventCountry "USA"]
[SourceTitle "CB15_2024"]
[SourceDate "2024.04.10"]
[SourceVersion "1"]
[SourceVersionDate "2024.04.10"]
[SourceQuality "1"]

1. Nf3 d5 2. b3 c5 3. Bb2 Nc6 4. e3 Nf6 5. c4 d4 6. exd4 cxd4 7. d3 e5 8. Be2 Bd6 9. 0-0 0-0 10. Ba3 Bf5 11. Re1 h6 12. Bf1 Re8 13. Bxd6 Qxd6 14. a3 a5 15. Nbd2 Rab8 16. Qc2 b5 17. cxb5 Rxb5 18. Nc4 Qb8 19. Nfd2 Rc8 20. Qd1 Nd5 21. Qf3 Be6 22. Qg3 Nf4 23. Nxe5 Rxe5 24. Qxf4 Rxe1 25. Qxb8 Rxf1+ 26. Kxf1 Rxb8 27. Rb1 Ne5 28. Ke2 Bf5 29. Ne4 Bxe4 30. dxe4 g5 31. g3 g4 32. b4 axb4 33. axb4 Rb5 34. Kd2 Kg7 35. Kc2 Kf6 36. Kb3 Nd3 37. Kc4 Rxb4+ 38. Rxb4 Nxb4 39. Kxb4 Ke5 0-1

[Event "Titled Tuesday intern op 02nd Apr Early"]
[Site "Chess.com INT"]
[Date "2024.04.02"]
[Round "8"]
[White "Buscar, Michael"]
[Black "Nikulina, Alena"]
[Result "1-0"]
[WhiteElo "2041"]
[BlackElo "1906"]
[PlyCount "87"]
[EventDate "2024.04.02"]
[EventType "swiss (blitz)"]
[EventRounds "11"]
[EventCountry "USA"]
[SourceTitle "CB15_2024"]
[SourceDate "2024.04.10"]
[SourceVersion "1"]
[SourceVersionDate "2024.04.10"]
[SourceQuality "1"]

1. Nf3 d6 2. g3 e5 3. Bg2 Nc6 4. b3 f5 5. Bb2 Nf6 6. 0-0 Be7 7. c4 0-0 8. d3 Be6 9. Ne1 Qd7 10. Nc3 f4 11. Nd5 g5 12. Nc2 a5 13. Re1 Rac8 14. a3 Bh3 15. Bh1 fxg3 16. hxg3 Ng4 17. Bf3 Nh6 18. Nce3 Nd4 19. Be4 Ng4 20. Nxg4 Bxg4 21. Nxe7+ Qxe7 22. Bxd4 exd4 23. Bxb7 Rce8 24. Bc6 Qf6 25. f3 Re3 26. Rf1 Be6 27. Qe1 Qh6 28. Rf2 Qh3 29. Rh2 Qf5 30. Be4 Rxe4 31. dxe4 Qf6 32. Qxa5 d3 33. Re1 dxe2 34. Rf2 g4 35. f4 Qd4 36. Rexe2 Qd1+ 37. Kg2 Qd4 38. Qg5+ Kh8 39. f5 Bf7 40. Qh6 Re8 41. f6 Rg8 42. Re1 Qe5 43. Rf5 Qb2+ 44. Rf2 1-0

[Event "Titled Tuesday intern op 12th Mar Early"]
[Site "Chess.com INT"]
[Date "2024.03.12"]
[Round "10"]
[White "Buscar, Michael"]
[Black "Butti, Enrique"]
[Result "1-0"]
[WhiteElo "2041"]
[BlackElo "1987"]
[PlyCount "49"]
[EventDate "2024.03.12"]
[EventType "swiss (blitz)"]
[EventRounds "11"]
[EventCountry "USA"]
[SourceTitle "CB12_2024"]
[SourceDate "2023.10.01"]
[SourceVersion "1"]
[SourceVersionDate "2023.10.01"]
[SourceQuality "1"]

1. d4 Nf6 2. c4 e6 3. Nc3 d5 4. cxd5 exd5 5. Qc2 c5 6. Nf3 Nc6 7. e3 Bg4 8. Be2 Rc8 9. Qa4 Bd6 10. dxc5 Bxc5 11. 0-0 0-0 12. Rd1 Bh5 13. Qh4 Bg6 14. Nb5 Qb6 15. b3 Ne4 16. Rxd5 a6 17. Rxc5 Nxc5 18. Nd6 Rcd8 19. Nc4 Qc7 20. Ba3 b6 21. Rc1 Rfe8 22. Nxb6 Qxb6 23. Bxc5 Qa5 24. a4 Nb4 25. Qxb4 1-0

[Event "Titled Tuesday intern op 12th Mar Early"]
[Site "Chess.com INT"]
[Date "2024.03.12"]
[Round "4"]
[White "Peyrer, Konstantin"]
[Black "Buscar, Michael"]
[Result "1-0"]
[WhiteElo "2434"]
[BlackElo "2041"]
[PlyCount "39"]
[EventDate "2024.03.12"]
[EventType "swiss (blitz)"]
[EventRounds "11"]
[EventCountry "USA"]
[SourceTitle "CB12_2024"]
[SourceDate "2023.10.01"]
[SourceVersion "1"]
[SourceVersionDate "2023.10.01"]
[SourceQuality "1"]

1. e4 c5 2. Nf3 Nc6 3. Bb5 Nf6 4. Nc3 g6 5. e5 Ng4 6. Bxc6 bxc6 7. h3 Nh6 8. Ne4 d6 9. exd6 exd6 10. d4 c4 11. 0-0 Bg7 12. Bg5 Qc7 13. Nf6+ Kf8 14. Re1 Be6 15. d5 cxd5 16. Nd4 Nf5 17. Nxe6+ fxe6 18. Rxe6 Qf7 19. Qxd5 h6 20. Qxa8+ 1-0

[Event "Titled Tuesday intern op 06th Feb Early"]
[Site "Chess.com INT"]
[Date "2024.02.06"]
[Round "4"]
[White "Buscar, Michael"]
[Black "Silva, Mariana Sofia Teixe"]
[Result "0-1"]
[WhiteElo "2041"]
[BlackElo "1951"]
[PlyCount "98"]
[EventDate "2024.02.06"]
[EventType "swiss (blitz)"]
[EventRounds "11"]
[EventCountry "USA"]
[SourceTitle "CB07_2024"]
[SourceDate "2024.02.14"]
[SourceVersion "1"]
[SourceVersionDate "2024.02.14"]
[SourceQuality "1"]

1. d4 d5 2. c4 e6 3. Nc3 Nf6 4. cxd5 exd5 5. Bg5 c6 6. e3 h6 7. Bh4 Be7 8. Bd3 0-0 9. Nge2 Re8 10. 0-0 a5 11. a4 Nbd7 12. f3 Nh5 13. Bf2 g6 14. Ng3 Ng7 15. e4 dxe4 16. fxe4 c5 17. Bb5 cxd4 18. Bxd4 Ne6 19. Be3 Kg7 20. Qg4 Ne5 21. Qh3 Ng5 22. Bxg5 Bxh3 23. Bxe8 Bxg5 24. Bb5 Be6 25. Rad1 Qb6+ 26. Kh1 Ng4 27. Nd5 Bxd5 28. exd5 Nf2+ 29. Rxf2 Qxf2 30. d6 Rd8 31. d7 Bf4 32. Ne2 Bg5 33. b3 b6 34. Nd4 Qf6 35. h3 Rb8 36. Nc6 Rd8 37. Nxd8 Qxd8 38. Re1 Be7 39. Rf1 f5 40. Rc1 Qf8 41. Rc8 Bd8 42. Bc4 Qe7 43. Bb5 Qe1+ 44. Kh2 Qe5+ 45. Kg1 Qe7 46. Kf1 Kf6 47. Rc6+ Kg7 48. Rc8 Kf8 49. Kf2 Qf6 0-1

[Event "Titled Tuesday intern op 06th Feb Early"]
[Site "Chess.com INT"]
[Date "2024.02.06"]
[Round "7"]
[White "Buscar, Michael"]
[Black "Tokhirjonova, Gulruhbegim"]
[Result "1/2-1/2"]
[WhiteElo "2041"]
[BlackElo "2365"]
[PlyCount "114"]
[EventDate "2024.02.06"]
[EventType "swiss (blitz)"]
[EventRounds "11"]
[EventCountry "USA"]
[SourceTitle "CB07_2024"]
[SourceDate "2024.02.14"]
[SourceVersion "1"]
[SourceVersionDate "2024.02.14"]
[SourceQuality "1"]

1. d4 Nf6 2. c4 g6 3. Nf3 Bg7 4. g3 0-0 5. Bg2 c6 6. 0-0 d5 7. b3 Re8 8. Bb2 Bf5 9. Nbd2 Nbd7 10. Ne5 h6 11. Nxd7 Qxd7 12. e3 Bh3 13. Nf3 Bxg2 14. Kxg2 Ne4 15. Nd2 Ng5 16. f4 Qh3+ 17. Kg1 Ne4 18. Nxe4 dxe4 19. Qe2 c5 20. dxc5 Rad8 21. Rad1 Qf5 22. Bxg7 Kxg7 23. b4 Rd3 24. Qb2+ f6 25. Rxd3 exd3 26. Qd4 h5 27. Rd1 h4 28. Qxd3 Qh5 29. Qd7 Kf8 30. g4 Qh7 31. Qxb7 h3 32. Qf3 Kg7 33. c6 Qg8 34. Rd5 Qe6 35. b5 Rh8 36. f5 Qc8 37. Rd7 Qe8 38. Qe4 Kf8 39. Kf2 gxf5 40. gxf5 Rg8 41. Qd5 Rg2+ 42. Kf1 Qf7 43. Qxf7+ Kxf7 44. c7 Rxh2 45. c8Q Rxa2 46. Rd1 h2 47. Qe6+ Kg7 48. Qxe7+ Kh6 49. Qxf6+ Kh5 50. Qh8+ Kg4 51. f6 Kg3 52. Qg7+ Kf3 53. Qh6 Rf2+ 54. Ke1 Re2+ 55. Kf1 Rf2+ 56. Ke1 Re2+ 57. Kf1 Rf2+ 1/2-1/2

[Event "Titled Tuesday intern op 06th Feb Early"]
[Site "Chess.com INT"]
[Date "2024.02.06"]
[Round "10"]
[White "Terziev, Dimo"]
[Black "Buscar, Michael"]
[Result "0-1"]
[WhiteElo "2123"]
[BlackElo "2041"]
[PlyCount "84"]
[EventDate "2024.02.06"]
[EventType "swiss (blitz)"]
[EventRounds "11"]
[EventCountry "USA"]
[SourceTitle "CB07_2024"]
[SourceDate "2024.02.14"]
[SourceVersion "1"]
[SourceVersionDate "2024.02.14"]
[SourceQuality "1"]

1. e4 c5 2. Nf3 Nc6 3. Bb5 Nf6 4. d3 g6 5. 0-0 Bg7 6. Bxc6 bxc6 7. c3 d6 8. Re1 e5 9. Be3 Ng4 10. Bg5 f6 11. Bh4 g5 12. Bg3 h5 13. h3 h4 14. Bh2 Nh6 15. d4 cxd4 16. cxd4 Be6 17. Nc3 0-0 18. Qd2 Qb6 19. Rad1 Rfd8 20. d5 cxd5 21. Nxd5 Qb7 22. Re3 Nf7 23. Rb3 Qd7 24. Rc3 Rdc8 25. Rdc1 Rxc3 26. Rxc3 Qa4 27. b3 Qxe4 28. Nc7 Bf5 29. Nxa8 Qxa8 30. Rc7 Bxh3 31. Qe3 Be6 32. Qxa7 Qd5 33. Qe3 h3 34. gxh3 Bxh3 35. Ne1 Be6 36. Bg3 f5 37. Qe2 f4 38. Bh2 g4 39. a4 Ng5 40. a5 Nh3+ 41. Kf1 Qh1+ 42. Bg1 Qxg1# 0-1

[Event "Titled Tuesday intern op 09th Jan Early"]
[Site "Chess.com INT"]
[Date "2024.01.09"]
[Round "2"]
[White "Buscar, Michael"]
[Black "Kislinsky, Alexey"]
[Result "1-0"]
[WhiteElo "2041"]
[BlackElo "2361"]
[PlyCount "67"]
[EventDate "2024.01.09"]
[EventType "swiss (blitz)"]
[EventRounds "11"]
[EventCountry "USA"]
[SourceTitle "CB03_2024"]
[SourceDate "2024.01.17"]
[SourceVersion "1"]
[SourceVersionDate "2024.01.17"]
[SourceQuality "1"]

1. d4 d5 2. c4 dxc4 3. e3 Nf6 4. Bxc4 e6 5. Nf3 a6 6. 0-0 b5 7. Be2 Bb7 8. a3 c5 9. dxc5 Qxd1 10. Rxd1 Bxc5 11. b4 Be7 12. Bb2 Nbd7 13. Nbd2 0-0 14. Rac1 Rac8 15. Nb3 Bd5 16. Na5 Nb6 17. Nd4 Na4 18. Ba1 Nd7 19. Ndc6 Rce8 20. e4 Bxc6 21. Nxc6 Nf6 22. Nxe7+ Rxe7 23. f3 Nh5 24. Be5 Ra8 25. Rc6 f6 26. Bd6 Rd7 27. Rdc1 Rad8 28. Bc7 Rc8 29. g4 Rd2 30. Bf1 Rxc7 31. Rxc7 Nf4 32. Re7 h5 33. Rcc7 g5 34. Re8# 1-0

[Event "Titled Tuesday intern op 09th Jan Early"]
[Site "Chess.com INT"]
[Date "2024.01.09"]
[Round "10"]
[White "Chemin, Justo Reinaldo"]
[Black "Buscar, Michael"]
[Result "0-1"]
[WhiteElo "2040"]
[BlackElo "2041"]
[PlyCount "80"]
[EventDate "2024.01.09"]
[EventType "swiss (blitz)"]
[EventRounds "11"]
[EventCountry "USA"]
[SourceTitle "CB03_2024"]
[SourceDate "2024.01.17"]
[SourceVersion "1"]
[SourceVersionDate "2024.01.17"]
[SourceQuality "1"]

1. d4 Nf6 2. Bf4 c5 3. e3 Qb6 4. b3 cxd4 5. exd4 d5 6. Nd2 Bg4 7. Ndf3 e6 8. c3 Ne4 9. Rc1 Ba3 10. Rc2 Nd7 11. Bd3 Rc8 12. Ne2 Bxf3 13. gxf3 Nef6 14. 0-0 Bd6 15. Be3 Qc7 16. f4 Nh5 17. Qd2 Ndf6 18. c4 Qb8 19. c5 Bc7 20. Bb5+ Ke7 21. c6 Ne4 22. Qb4+ Bd6 23. Qa4 a6 24. Bd3 Nxf4 25. Bxe4 Nxe2+ 26. Rxe2 dxe4 27. cxb7 Qxb7 28. Qa5 Qb5 29. Qxb5 axb5 30. f3 exf3 31. Rxf3 f6 32. d5 exd5 33. Bf4+ Kd7 34. Bxd6 Kxd6 35. Rg2 Rc1+ 36. Rf1 Rxf1+ 37. Kxf1 g6 38. Ke2 Rc8 39. Kd3 b4 40. Rg4 Rb8 0-1